000 00614nam a2200229Ia 4500
003 OSt
005 20221002054939.0
006 a|||||r|||| 00| 0
007 ta
008 220930b |||||||| |||| 00| 0 eng d
024 _a71193
037 _cReference Collections
040 _aCRL
_cCRL
_bena
041 _2ena
_aena
082 _aP111:4k, 28M8(RR)
100 _aBaalbaki Munir Au.
_9576522
245 0 _aAl-mawrid
260 _c1998
650 _aENGLISH LANGUAGE - DICTIONARIES
942 _hP111:4k, 28M8(RR)
_cref
_2CC
999 _c926303
_d926303